| Поле | Инд. | ПП | Название | Значение |
|---|---|---|---|---|
| Тип записи | a | |||
| Библиографический уровень | m | |||
| 001 | Контрольный номер | RU/IS/BASE/471451933 | ||
| 005 | Дата корректировки | 20150513113615.1 | ||
| 020 | a | ISBN | 978-5-392-01225-1 | |
| 040 | a | Служба первич. каталог. | НБ ТвГУ | |
| b | Код языка каталог. | rus | ||
| e | Правила каталог. | PSBO | ||
| 041 | 0_ | a | Код языка текста | rus |
| 080 | a | Индекс УДК | 343.2/.7(470)(075.8) | |
| 084 | a | Индекс другой классификации/Индекс ББК | Х408я73-1 | |
| 084 | a | Индекс другой классификации/Индекс ББК | Х408.1я73-1 | |
| 090 | a | Полочн. индекс | Х408 | |
| x | Авторский знак | Р 76 | ||
| 245 | 10 | a | Заглавие | Российское уголовное право |
| b | Продолж. заглавия | особенная часть : учебник : [для студентов вузов, слушателей курсов повышения квалификации, аспирантов, преподавателей, работников правоохранительных органов : в 2 т. | ||
| c | Ответственность | под ред. д.ю.н., проф. Л. В. Иногамовой-Хегай, д.ю.н., проф. В. С. Комиссарова, д.ю.н., проф. А. И. Рарога ; Моск. гос. юрид. акад. им. О. Е. Кутафина, МГУ им. М. В. Ломоносова | ||
| n | Номер части/ раздела | Т. 2 | ||
| 250 | a | Основные сведения об издании | 3-е изд., перераб. и доп. | |
| 260 | a | Место издания | Москва | |
| b | Издательство | Проспект | ||
| c | Дата издания | 2010 | ||
| 300 | a | Объем | 682 с. | |
| 504 | a | Библиография | Библиогр. в подстроч. примеч. | |
| 520 | a | Аннотация | Учебник является третьим, переработанным и дополненным изданием, подготовленным профессорами кафедр уголовного права Московской государственной юридической академии имени О.Е. Кутафина и юридического факультета Московского государственного университета им. М.В. Ломоносова с учетом последних изменений и дополнений, внесенных в УК РФ. Использованы материалы опубликованной судебной практики за последние годы. | |
| Д | ля студентов высших учебных заведений, слушателей курсов повышения квалификации, аспирантов, преподавателей, а также работников правоохранительных органов. | |||
| 653 | a | Ключевые слова | Особенная часть уголовного права | |
| a | Ключевые слова | Право | ||
| a | Ключевые слова | Российская Федерация | ||
| a | Ключевые слова | Уголовное право | ||
| a | Ключевые слова | Учебники | ||
| a | Ключевые слова | Учебники для вузов | ||
| 700 | 1_ | a | Другие авторы | Борзенков Геннадий Николаевич |
| q | Полное имя | Борзенков Г. Н. | ||
| 700 | 2_ | a | Другие авторы | Иногамова-Хегай Людмила Валентиновна |
| 700 | 1_ | a | Другие авторы | Комиссаров Владимир Сергеевич |
| 700 | 1_ | a | Другие авторы | Рарог Алексей Иванович |
| 901 | t | Тип документа | m | |
| 920 | a | Оператор | Хохл | |
| a | Оператор | Конд | ||
| a | Оператор | Густ | ||
| a | Оператор | Стро | ||
| 930 | a | Новая/Ретро | новая | |
| 952 | c | Вид литературы | К ру | |
| 954 | a | Дата поступления на обработку | 20150202 | |
| c | Дата окончания ОНО | 20150209 | ||
| b | Дата поступления в ОК | 20141209 |